00434nam a2200169Ia 4500003000400000005001700004008004100021020001400062040000700076041000800083082001500091100003200106245006100138260003300199300001800232365001400250OSt20230509090259.0210423s2004 xx 000 0 und d a125095511 cAL aeng a589.2 MUEG aMUELLER (Gregory M);others. aBiodiversity of fungi: inventory and monitoring methods. aLondonbElsevier Indiac2004 axviii,777bPB b4178cINR